000 00745nam a2200193Ii 4500
003 JO-AjNU
008 230605s9999||||xx |||||||||||||| ||und||
040 _aJO-AjNU
_bara
_erda
_cJO-AjNU
041 _aara
050 1 4 _aBP135.A2.N3 1996
100 3 _aتاليف الدمشقي، أبي زكريا يحيى ين شرف النووي,
_eauthor
_945891
245 0 0 _aرياض الصالحين من كلام سيد المرسلين
264 3 1 _aبيروت: مؤسسة الكتب الثقافية
300 _a514ص
_bيشتمل على فهارس من ص (470-514 )
336 _atext
_btxt
_2rdacontent
337 _aunmediated
_bn
_2rdamedia
338 _avolume
_bnc
_2rdacarrier
650 4 _aالاسلام - الحديث النبوي
_945892
999 _aA19925
_c23493
_d23493